[Event "Pyramiden Cup 2016"]
[Site "Fuerth"]
[Date "2016.09.02"]
[Round "4.43"]
[White "Hirn, Thomas"]
[Black "Khalil, Shayar"]
[Result "0-1"]
[WhiteElo "1734"]
[BlackElo "1846"]
[PlyCount "78"]
[EventDate "2016.??.??"]
[WhiteTeam "TuS Fürstenfeldbruck"]
[BlackTeam "SC Ansbach"]

1. e4 e5 2. Nf3 Nc6 3. Bb5 Nf6 4. d3 Bc5 5. Nc3 d6 6. Na4 Bb6 7. Nxb6 axb6 8.
c3 h6 9. O-O O-O 10. h3 Be6 11. Ba4 Qe7 12. Bb3 Na5 13. Bc2 c5 14. Be3 Nc6 15.
b3 d5 16. exd5 Nxd5 17. c4 Nc3 18. Qd2 Nxa2 19. Rfe1 Qf6 20. Bb1 Nab4 21. Rxa8
Rxa8 22. Qb2 Bxh3 23. Bd2 Qg6 24. Nh4 Qg4 25. Re4 Qd1+ 26. Kh2 Be6 27. f3 Nd4
28. Bxb4 cxb4 29. Rxe5 Qxb3 30. Qxd4 Qxb1 31. Nf5 Bxf5 32. Rxf5 b3 33. Rb5 Qc2
34. Rxb6 Ra2 35. Qg4 Qxd3 36. Qc8+ Kh7 37. Qxb7 Qxc4 38. Rxb3 Qh4+ 39. Kg1 Qf2+
0-1

[Event "Pyramiden Cup 2016"]
[Site "Fuerth"]
[Date "2016.09.02"]
[Round "4.44"]
[White "Mix, Thomas"]
[Black "Friedel, Roland"]
[Result "1/2-1/2"]
[WhiteElo "1927"]
[BlackElo "1651"]
[PlyCount "62"]
[EventDate "2016.??.??"]
[WhiteTeam "SF Brannenburg"]
[BlackTeam "SF Drensteinfurt"]

1. c4 Nf6 2. g3 e6 3. Bg2 d5 4. Nc3 c6 5. Nf3 Be7 6. O-O O-O 7. b3 Nbd7 8. e3
b6 9. d3 Bb7 10. Bb2 Qc7 11. Rc1 Rfd8 12. cxd5 exd5 13. Nd4 c5 14. Nf5 Bf8 15.
Qe2 Qb8 16. d4 g6 17. Nh4 Re8 18. Qd2 cxd4 19. Qxd4 Bc5 20. Qd2 Bb4 21. a3 Bxc3
22. Qxc3 Qe5 23. Qd2 Qe6 24. Nf3 Rac8 25. b4 b5 26. Nd4 Qb6 27. Rxc8 Rxc8 28.
Rc1 Rc4 29. Bf1 Ne4 30. Qd1 Rxc1 31. Qxc1 a6 1/2-1/2

[Event "Pyramiden Cup 2016"]
[Site "Fuerth"]
[Date "2016.09.02"]
[Round "4.45"]
[White "Schulz, Horst"]
[Black "Riedl, Guenter"]
[Result "1/2-1/2"]
[WhiteElo "1739"]
[BlackElo "1879"]
[PlyCount "77"]
[EventDate "2016.??.??"]
[WhiteTeam "SC Höchstadt/Aisch"]
[BlackTeam "SK Marktoberdorf"]

1. d4 d5 2. e3 Nf6 3. Bd3 e6 4. f4 c5 5. c3 Nbd7 6. Nf3 Ne4 7. O-O Ndf6 8. Nbd2
Bd7 9. Ne5 Be7 10. Qf3 cxd4 11. exd4 Nd6 12. Qe2 a6 13. Rf3 Rc8 14. Rh3 Nf5 15.
Ndf3 h6 16. Bd2 Nd6 17. Nxd7 Nxd7 18. Ne5 Nxe5 19. fxe5 Nc4 20. Be1 Qb6 21. Rb1
Bg5 22. Rf3 Rf8 23. Qf2 Rc7 24. h4 Bd8 25. b3 Na3 26. Rb2 Nb5 27. Bg6 Re7 28.
a4 Na7 29. c4 Nc6 30. c5 Qa7 31. b4 b5 32. Ra2 Qb8 33. Bd3 Ra7 34. Bc3 Rb7 35.
a5 f5 36. exf6 Bxf6 37. Bg6+ Kd8 38. Re2 Re7 39. Kh1 1/2-1/2

[Event "Pyramiden Cup 2016"]
[Site "Fuerth"]
[Date "2016.09.02"]
[Round "4.46"]
[White "Balhar, Michael"]
[Black "Schoebel, Klaus"]
[Result "0-1"]
[WhiteElo "1769"]
[BlackElo "1742"]
[PlyCount "48"]
[EventDate "2016.??.??"]
[WhiteTeam "SC Erlangen"]
[BlackTeam "SK Herzogenaurach"]

1. d4 d5 2. c4 c6 3. cxd5 cxd5 4. Nc3 e6 5. Bf4 Bd6 6. Bg3 Nf6 7. e3 O-O 8. Bd3
Nc6 9. a3 e5 10. Nb5 Bb8 11. dxe5 Bxe5 12. Bxe5 Nxe5 13. Bc2 Qa5+ 14. Nc3 Nc4
15. b4 Qc7 16. Nxd5 Nxd5 17. Qxd5 Nxe3 18. fxe3 Qxc2 19. Rd1 Bg4 20. Rd2 Qc1+
21. Kf2 Qxa3 22. b5 Qa5 23. Ra2 Qb6 24. Rb2 Qf6+ 0-1

[Event "Pyramiden Cup 2016"]
[Site "Fuerth"]
[Date "2016.09.02"]
[Round "4.47"]
[White "Lehmann, Patricia"]
[Black "Meyer, Robert"]
[Result "1/2-1/2"]
[WhiteElo "1720"]
[BlackElo "1748"]
[PlyCount "44"]
[EventDate "2016.??.??"]
[WhiteTeam "SG 1871 Löberitz"]
[BlackTeam "SC Stein"]

1. d4 d5 2. c4 e6 3. Nc3 Nf6 4. Bg5 Be7 5. Nf3 c6 6. e3 Nbd7 7. cxd5 exd5 8.
Qc2 h6 9. Bh4 O-O 10. Bd3 Nb6 11. O-O Be6 12. Rac1 Ng4 13. Bxe7 Qxe7 14. h3 Nf6
15. Qe2 Rfe8 16. Rc2 Ne4 17. Re1 Nd7 18. Nd2 Nxd2 19. Qxd2 Qg5 20. Kh2 Bf5 21.
Bxf5 Qxf5 22. Kg1 Re6 1/2-1/2

[Event "Pyramiden Cup 2016"]
[Site "Fuerth"]
[Date "2016.09.02"]
[Round "4.48"]
[White "Koehler, Lukas"]
[Black "Siewert, Wolfgang"]
[Result "1-0"]
[WhiteElo "1681"]
[BlackElo "1736"]
[PlyCount "139"]
[EventDate "2016.??.??"]
[WhiteTeam "SC Bamberg"]
[BlackTeam "SV Ei Reichenbrand"]

1. e4 Nf6 2. Nc3 e5 3. Nf3 Nc6 4. a3 a6 5. d4 d6 6. dxe5 dxe5 7. Qxd8+ Kxd8 8.
Bc4 Ke8 9. Bg5 Bd6 10. h3 Be6 11. Bxe6 fxe6 12. Rd1 Kf7 13. Rg1 Bc5 14. Bxf6
gxf6 15. Rd7+ Ne7 16. Rxc7 b6 17. Rd7 Rhd8 18. Rxd8 Rxd8 19. Ke2 b5 20. Rd1
Rxd1 21. Nxd1 Nc6 22. b4 Bb6 23. Nb2 a5 24. c3 axb4 25. axb4 Ke7 26. g4 Kd7 27.
Nd3 Kd6 28. h4 Bd8 29. Nd2 Be7 30. Nc5 Nd8 31. Ndb3 Kc6 32. Kd3 Kb6 33. Ke3 h6
34. Kf3 Kc6 35. Nd3 Nb7 36. g5 hxg5 37. hxg5 fxg5 38. Nxe5+ Kd6 39. Nf7+ Kd7
40. e5 Nd8 41. Nxd8 Bxd8 42. Nd4 Bc7 43. Ke4 g4 44. Nxb5 Bb6 45. Nd4 Bd8 46.
Kf4 Bh4 47. Kxg4 Bxf2 48. Kf3 Be1 49. Ne2 Kc6 50. Ke4 Kd7 51. Kd4 Bf2+ 52. Kc4
Kc6 53. Nd4+ Kd7 54. Kb5 Be1 55. c4 Bc3 56. Nf3 Kc7 57. c5 Kb7 58. c6+ Kc7 59.
Kc5 Bb2 60. Nd4 Bxd4+ 61. Kxd4 Kxc6 62. Kc4 Kb6 63. b5 Kb7 64. Kc5 Kc7 65. b6+
Kd7 66. b7 Kc7 67. b8=Q+ Kxb8 68. Kd6 Kc8 69. Kxe6 Kd8 70. Kf7 1-0

[Event "Pyramiden Cup 2016"]
[Site "Fuerth"]
[Date "2016.09.02"]
[Round "4.49"]
[White "Homi, Joseph"]
[Black "Plinz, Tim"]
[Result "1-0"]
[WhiteElo "1787"]
[BlackElo "1060"]
[PlyCount "77"]
[EventDate "2016.??.??"]
[WhiteTeam "SG Fürth"]
[BlackTeam "SK Schwanstetten"]

1. e4 e5 2. Nf3 Nc6 3. Bc4 Bc5 4. O-O Nf6 5. d4 exd4 6. e5 Ng4 7. Bf4 d5 8. Bd3
O-O 9. h3 Nh6 10. Bxh6 gxh6 11. c3 dxc3 12. Nxc3 Ne7 13. Qd2 Kg7 14. Ne2 Ng6
15. Ng3 Kh8 16. Qxh6 Be7 17. Rae1 Rg8 18. e6 Qf8 19. Qxf8 Rxf8 20. exf7 Rxf7
21. Bxg6 hxg6 22. Ne5 Rg7 23. Nxg6+ Rxg6 24. Rxe7 Rg7 25. Rfe1 Rxe7 26. Rxe7 c6
27. Re8+ Kg7 28. Nf5+ Kf7 29. Nd6+ Kf6 30. Rxc8 Rxc8 31. Nxc8 c5 32. Nxa7 d4
33. Kf1 Ke5 34. Ke2 c4 35. Nb5 b6 36. b3 c3 37. Kd3 c2 38. Kxc2 Ke4 39. Kd2 1-0

[Event "Pyramiden Cup 2016"]
[Site "Fuerth"]
[Date "2016.09.02"]
[Round "4.50"]
[White "Weissig, Timon"]
[Black "Weissmann, Peter"]
[Result "0-1"]
[WhiteElo "1020"]
[BlackElo "1778"]
[PlyCount "28"]
[EventDate "2016.??.??"]
[WhiteTeam "SV Deggendorf"]
[BlackTeam "SK Zirndorf"]

1. e4 c5 2. Nc3 Nc6 3. Bc4 e6 4. d3 a6 5. a3 b5 6. Ba2 g6 7. Nf3 Bg7 8. O-O
Nge7 9. Bg5 O-O 10. Qc1 Nd4 11. Nh4 b4 12. axb4 cxb4 13. Bh6 bxc3 14. Bxg7 Ne2+
0-1

[Event "Pyramiden Cup 2016"]
[Site "Fuerth"]
[Date "2016.09.02"]
[Round "4.51"]
[White "Adiyaman, Rene"]
[Black "Cipra, Lothar"]
[Result "1-0"]
[WhiteElo "1882"]
[BlackElo "1965"]
[PlyCount "69"]
[EventDate "2016.??.??"]
[WhiteTeam "DBSB"]
[BlackTeam "SK Schwanstetten"]

1. e4 c5 2. c3 Nc6 3. d4 d5 4. exd5 Qxd5 5. Nf3 Bg4 6. Be2 e6 7. h3 Bh5 8. O-O
Nf6 9. Re1 Be7 10. Be3 cxd4 11. cxd4 O-O 12. Nc3 Qa5 13. Qb3 Qb4 14. Qxb4 Nxb4
15. Rac1 Bxf3 16. gxf3 Rac8 17. f4 a6 18. a3 Nbd5 19. Nxd5 Nxd5 20. Bf3 Bd6 21.
f5 Nxe3 22. fxe3 exf5 23. Bxb7 Rb8 24. Bxa6 Rxb2 25. a4 g6 26. Re2 Rb6 27. Bb5
Bb4 28. Rec2 Ba3 29. Rb1 Kg7 30. Ra2 Bd6 31. a5 Rb7 32. a6 Ra7 33. Bc6 Rc8 34.
Rb7 Raa8 35. Bd5 1-0

[Event "Pyramiden Cup 2016"]
[Site "Fuerth"]
[Date "2016.09.02"]
[Round "4.52"]
[White "Lindenmair, Anton"]
[Black "Schrems, Hermann"]
[Result "1/2-1/2"]
[WhiteElo "1997"]
[BlackElo "2099"]
[PlyCount "50"]
[EventDate "2016.??.??"]
[WhiteTeam "DBSB"]
[BlackTeam "SC Emmendingen"]

1. d4 Nf6 2. c4 g6 3. Nc3 d5 4. Nf3 Bg7 5. Bg5 Ne4 6. cxd5 Nxg5 7. Nxg5 e6 8.
Qd2 h6 9. Nf3 exd5 10. e3 Be6 11. Be2 Nd7 12. O-O c6 13. Rac1 Qe7 14. Na4 O-O
15. Nc5 Nxc5 16. Rxc5 Rfc8 17. b4 Bf8 18. Rb1 a6 19. Ne5 Qf6 20. Rcc1 Bd6 21.
Nd3 Bf5 22. Rb2 Re8 23. Nc5 Re7 24. Bd3 Rae8 25. a4 Bxd3 1/2-1/2

[Event "Pyramiden Cup 2016"]
[Site "Fuerth"]
[Date "2016.09.02"]
[Round "4.53"]
[White "Willim, Michael"]
[Black "Eichstaedt, Mirko"]
[Result "1-0"]
[WhiteElo "2085"]
[BlackElo "2236"]
[PlyCount "41"]
[EventDate "2016.??.??"]
[WhiteTeam "SC Erlangen"]
[BlackTeam "DBSB"]

1. Nf3 d5 2. c4 c6 3. e3 Nf6 4. Nc3 g6 5. b3 Bg7 6. Bb2 O-O 7. Rc1 a6 8. d4 Bf5
9. Nh4 Bg4 10. Qc2 e5 11. dxe5 Nfd7 12. Nf3 dxc4 13. Bxc4 Nxe5 14. Nxe5 Bxe5
15. Qe4 Qg5 16. f4 Bf5 17. Qxe5 Qxg2 18. Ne4 Qxh1+ 19. Bf1 f6 20. Nxf6+ Kf7 21.
Nxh7 1-0

[Event "Pyramiden Cup 2016"]
[Site "Fuerth"]
[Date "2016.09.02"]
[Round "4.54"]
[White "Riegler, Dieter"]
[Black "Pfadenhauer, Johannes"]
[Result "0-1"]
[WhiteElo "2054"]
[BlackElo "2061"]
[PlyCount "90"]
[EventDate "2016.??.??"]
[WhiteTeam "DBSB"]
[BlackTeam "TSV Bindlach"]

1. d4 Nf6 2. c4 g6 3. Nc3 Bg7 4. e4 d6 5. h3 O-O 6. Nf3 c5 7. d5 b5 8. cxb5 a6
9. a4 e6 10. Be2 axb5 11. Bxb5 Na6 12. dxe6 Bxe6 13. O-O Nc7 14. Bc6 Ra6 15.
Bd5 Bxd5 16. exd5 Qa8 17. Ra3 Rb8 18. Re1 Rb4 19. Qe2 Nfxd5 20. Nxd5 Qxd5 21.
Rd3 Qc6 22. b3 Rab6 23. Ng5 Rb8 24. Qe7 Qe8 25. Qxe8+ Nxe8 26. Bd2 Rd4 27. Rxd4
Bxd4 28. Nf3 Bf6 29. Bf4 Kf8 30. Re3 Rb4 31. Bh6+ Bg7 32. Bxg7+ Nxg7 33. Rd3
Ke7 34. Nd2 Ne6 35. a5 Kd7 36. g4 Kc6 37. Rf3 Rf4 38. Kg2 d5 39. Rxf4 Nxf4+ 40.
Kg3 g5 41. h4 h6 42. hxg5 hxg5 43. Kf3 Kb5 44. Ke3 Kxa5 45. Nf3 f6 0-1

[Event "Pyramiden Cup 2016"]
[Site "Fuerth"]
[Date "2016.09.02"]
[Round "4.55"]
[White "Boese, Christina"]
[Black "Lehmann, Tornalf"]
[Result "0-1"]
[WhiteElo "1555"]
[BlackElo "1675"]
[PlyCount "64"]
[EventDate "2016.??.??"]
[WhiteTeam "SC Bechhofen"]
[BlackTeam "SC Heilsbronn"]

1. e4 Nf6 2. d3 e5 3. Nc3 Bc5 4. f4 d6 5. f5 d5 6. Bg5 dxe4 7. Bxf6 Qxf6 8.
Nxe4 Qb6 9. Nxc5 Qxc5 10. g4 Nc6 11. c3 O-O 12. Qf3 f6 13. h4 Bd7 14. Ne2 Rae8
15. Ng3 Ne7 16. Ne4 Qb6 17. Rb1 Bc6 18. h5 h6 19. Qe2 Nd5 20. Qf2 Qa5 21. b4
Qa3 22. Qd2 Nxc3 23. Nxc3 Bxh1 24. Rb3 Qa6 25. b5 Qd6 26. Qh2 Bd5 27. Nxd5 Qxd5
28. Qc2 e4 29. Kd1 exd3 30. Rxd3 Qxb5 31. Rf3 Qe5 32. Qb3+ Kh8 0-1

[Event "Pyramiden Cup 2016"]
[Site "Fuerth"]
[Date "2016.09.02"]
[Round "4.56"]
[White "Kocak, Ediz"]
[Black "Weissig, Kersten"]
[Result "1-0"]
[WhiteElo "1819"]
[BlackElo "1232"]
[PlyCount "29"]
[EventDate "2016.??.??"]
[WhiteTeam "SW Nürnberg Süd"]
[BlackTeam "SV Deggendorf"]

1. d4 Nf6 2. Nf3 e6 3. Bf4 Be7 4. e3 b6 5. Bd3 Bb7 6. h3 d6 7. c4 Na6 8. Nc3
Nb4 9. Qa4+ Nc6 10. d5 exd5 11. cxd5 Nxd5 12. Nxd5 Qd7 13. Nxe7 Qxe7 14. Bb5
Qd7 15. Rc1 1-0

[Event "Pyramiden Cup 2016"]
[Site "Fuerth"]
[Date "2016.09.02"]
[Round "4.57"]
[White "Michel, Philipp"]
[Black "Mitin, Daniel"]
[Result "1-0"]
[WhiteElo "1683"]
[BlackElo "1146"]
[PlyCount "29"]
[EventDate "2016.??.??"]
[WhiteTeam "SC Erlangen"]
[BlackTeam "SG Büchenbach/Roth"]

1. e4 e5 2. Nf3 Nc6 3. d4 exd4 4. Bc4 Bb4+ 5. c3 dxc3 6. Nxc3 Bxc3+ 7. bxc3 Nf6
8. e5 Ne4 9. O-O d6 10. Bxf7+ Kxf7 11. Qd5+ Be6 12. Qxe4 dxe5 13. Ng5+ Ke7 14.
Ba3+ Kf6 15. f4 1-0

[Event "Pyramiden Cup 2016"]
[Site "Fuerth"]
[Date "2016.09.02"]
[Round "4.58"]
[White "Dreiseitel, Werner"]
[Black "Suva, Karl"]
[Result "1-0"]
[WhiteElo "1599"]
[BlackElo "1646"]
[PlyCount "111"]
[EventDate "2016.??.??"]
[WhiteTeam "SG Fürth"]
[BlackTeam "vereinslos"]

1. d4 d5 2. Bf4 Bf5 3. e3 e6 4. Nd2 Bb4 5. c3 Ba5 6. Ngf3 f6 7. Qb3 Bb6 8. c4
c5 9. cxd5 cxd4 10. Bb5+ Kf7 11. e4 Bg4 12. dxe6+ Bxe6 13. Bc4 Qd7 14. O-O Nc6
15. e5 g5 16. Bxg5 Nxe5 17. Bxe6+ Qxe6 18. Bf4 Qxb3 19. axb3 Re8 20. Nc4 Nxf3+
21. gxf3 Bc5 22. Ra5 Rc8 23. Bd6 Bb6 24. Rb5 Rc6 25. Re1 h5 26. Rd1 Rh6 27. Kf1
Ke6 28. Bf4 Rg6 29. Rxh5 Ne7 30. Re1+ Kd7 31. Rh7 Bc5 32. Bd2 b5 33. b4 bxc4
34. bxc5 Re6 35. Rc1 Re5 36. Rxc4 Kc6 37. b4 Rg8 38. Rxd4 Nd5 39. Rxa7 Rh5 40.
h4 f5 41. Ra6+ Kb5 42. Ra5+ Kc6 43. Rc4 Rh7 44. b5+ Kb7 45. c6+ Kb6 46. Rca4 f4
47. Rd4 Ne3+ 48. fxe3 fxe3 49. Bc3 Re7 50. Re4 Rh7 51. Ke2 Rh6 52. Kxe3 Rhg6
53. Re5 Rg2 54. Ra6+ Kc7 55. Re7+ Kd8 56. Bf6 1-0


[Site "Fuerth"]
[Date "2016.09.03"]
[Round "5.1"]
[White "Goldsworthy, Patrick"]
[Black "Kunin, Vitaly"]
[Result "0-1"]
[WhiteElo "2139"]
[BlackElo "2595"]
[PlyCount "76"]
[EventDate "2016.??.??"]
[WhiteTeam "SG Siemens Erlangen"]
[BlackTeam "Freibauer Mörlenbach"]

1. e4 d6 2. d4 Nf6 3. Nc3 Nbd7 4. Bc4 e5 5. Nf3 Be7 6. O-O O-O 7. a4 c6 8. Bb3
exd4 9. Qxd4 Nc5 10. Ba2 Bg4 11. Nh4 Nfd7 12. Nf5 Bxf5 13. exf5 d5 14. Qg4 Ne5
15. Qg3 Bd6 16. Bg5 f6 17. Bf4 Kh8 18. Ne2 Qb6 19. Rab1 a5 20. c3 Nxa4 21. Nd4
Nc5 22. Qh3 a4 23. Be3 Qc7 24. Rbe1 Rfe8 25. Bb1 b6 26. Bc1 Qd7 27. Ne6 Ra7 28.
Re3 g5 29. f4 gxf4 30. Nxf4 Nb3 31. Rg3 Nxc1 32. Rxc1 Bc5+ 33. Kf1 d4 34. Re1
dxc3 35. Qh6 Bf8 36. Qh4 Qd2 37. Qxf6+ Bg7 38. Rxg7 Qxf4+ 0-1

[Event "Pyramiden Cup 2016"]
[Site "Fuerth"]
[Date "2016.09.03"]
[Round "5.2"]
[White "Fedorovsky, Michael"]
[Black "Krivoborodov, Egor"]
[Result "1/2-1/2"]
[WhiteElo "2497"]
[BlackElo "2519"]
[PlyCount "61"]
[EventDate "2016.??.??"]
[WhiteTeam "FC Bayern München"]
[BlackTeam "SC Garching"]

1. d4 Nf6 2. Nf3 c5 3. d5 b5 4. Bg5 Ne4 5. Bf4 Bb7 6. Qd3 f5 7. Nbd2 c4 8. Qd4
Nf6 9. a4 Qa5 10. b4 cxb3 11. axb5 bxc2 12. Qb2 Qb6 13. Qxc2 Nxd5 14. Be5 d6
15. Bd4 Qc7 16. Qxc7 Nxc7 17. Rxa7 Rxa7 18. Bxa7 Nd7 19. e4 fxe4 20. Ng5 d5 21.
b6 Na8 22. Ne6 Bc6 23. b7 Bxb7 24. Bb5 Bc8 25. Bc6 Kf7 26. Nxf8 Ndb6 27. O-O
Rxf8 28. Bxb6 Nxb6 29. Rb1 Nd7 30. Bxd5+ e6 31. Bxe4 1/2-1/2

[Event "Pyramiden Cup 2016"]
[Site "Fuerth"]
[Date "2016.09.03"]
[Round "5.3"]
[White "Milov, Leonid"]
[Black "Pap, Misa"]
[Result "1/2-1/2"]
[WhiteElo "2416"]
[BlackElo "2493"]
[PlyCount "81"]
[EventDate "2016.??.??"]
[WhiteTeam "SC NT Nürnberg"]
[BlackTeam "SC Hansa Dortmund"]

1. e4 e5 2. Nf3 Nc6 3. Bb5 a6 4. Ba4 g6 5. c3 Nge7 6. d4 exd4 7. cxd4 b5 8. Bb3
Bg7 9. d5 Na5 10. Nc3 d6 11. h3 O-O 12. O-O Bb7 13. Be3 b4 14. Ne2 Nxb3 15.
Qxb3 f5 16. Ng5 fxe4 17. Rfd1 Qd7 18. Ne6 Rf7 19. Nxg7 Kxg7 20. Qxb4 Bxd5 21.
Qd4+ Kg8 22. Nc3 Bb7 23. Nxe4 Qc6 24. f3 Nf5 25. Qd3 Nxe3 26. Qxe3 Qe8 27. Re1
Bxe4 28. Qxe4 Qxe4 29. Rxe4 Rb8 30. b3 Rb5 31. Rc1 Rd7 32. Re8+ Kf7 33. Ra8 Ra5
34. Ra7 Rxa2 35. Rcxc7 Rxc7 36. Rxc7+ Kg8 37. Rd7 Rd2 38. Ra7 Ra2 39. Rd7 Rd2
40. Ra7 Ra2 41. Rd7 1/2-1/2

[Event "Pyramiden Cup 2016"]
[Site "Fuerth"]
[Date "2016.09.03"]
[Round "5.4"]
[White "Steinbacher, Matthias"]
[Black "Colpe, Malte"]
[Result "0-1"]
[WhiteElo "2182"]
[BlackElo "2394"]
[PlyCount "68"]
[EventDate "2016.??.??"]
[WhiteTeam "vereinslos"]
[BlackTeam "Hamburger SK"]

1. Nc3 d5 2. d4 c5 3. e4 dxe4 4. d5 Nf6 5. Bf4 a6 6. a4 g6 7. Bc4 Bg7 8. Nge2
O-O 9. h3 Nbd7 10. Qd2 Nb6 11. Ba2 e6 12. d6 Bd7 13. Bg5 Bc6 14. O-O Nbd5 15.
Ng3 Nxc3 16. bxc3 Qd7 17. Rad1 b6 18. a5 Nd5 19. Nxe4 f5 20. Ng3 Nxc3 21. Ne2
Nxa2 22. c3 Bd5 23. Be7 Rfe8 24. axb6 Bc4 25. Rb1 Bxe2 26. b7 Rab8 27. Qxa2
Bxf1 28. Kxf1 Bf8 29. Bxf8 Rxf8 30. Qxa6 Rf7 31. Qd3 Rxb7 32. Ra1 Rf8 33. Ra6
Qb5 34. Ke2 c4 0-1

[Event "Pyramiden Cup 2016"]
[Site "Fuerth"]
[Date "2016.09.03"]
[Round "5.5"]
[White "Loew, Gerald"]
[Black "Braeuer, Franz"]
[Result "1/2-1/2"]
[WhiteElo "2241"]
[BlackElo "2406"]
[PlyCount "50"]
[EventDate "2016.??.??"]
[WhiteTeam "TSV Bindlach"]
[BlackTeam "Erfurter SK"]

1. c4 c5 2. g3 Nc6 3. Bg2 g6 4. Nc3 Bg7 5. a3 d6 6. Rb1 Bf5 7. d3 Qd7 8. Bd2
Nf6 9. b4 O-O 10. h4 Rfe8 11. Nh3 e5 12. Ng5 h6 13. Nge4 Nxe4 14. Nxe4 Qe7 15.
bxc5 dxc5 16. Be3 b6 17. Nxc5 Rac8 18. Qa4 Nd4 19. Ne4 Bg4 20. Nc3 b5 21. Nxb5
Bxe2 22. Nxd4 exd4 23. Kxe2 dxe3 24. f4 Rb8 25. Rb5 Rxb5 1/2-1/2

[Event "Pyramiden Cup 2016"]
[Site "Fuerth"]
[Date "2016.09.03"]
[Round "5.6"]
[White "Ikonnikov, Vyacheslav"]
[Black "Cofman, Veaceslav"]
[Result "1-0"]
[WhiteElo "2538"]
[BlackElo "2145"]
[PlyCount "71"]
[EventDate "2016.??.??"]
[WhiteTeam "SF Bad Mergentheim"]
[BlackTeam "SC Untergrombach"]

1. d4 d5 2. c4 Nc6 3. Nc3 Nf6 4. cxd5 Nxd5 5. e4 Nxc3 6. bxc3 e5 7. d5 Ne7 8.
Nf3 Ng6 9. Bb5+ Bd7 10. Qb3 Rb8 11. Be3 c5 12. a4 Bd6 13. Bxd7+ Qxd7 14. Qb5 b6
15. Nd2 Qxb5 16. axb5 Rb7 17. Nc4 Kd7 18. g3 Re8 19. Ke2 Ne7 20. f4 f6 21. Kd3
Nc8 22. Rhf1 Bb8 23. Ra2 Nd6 24. fxe5 fxe5 25. Raf2 Nxc4 26. Rf7+ Re7 27. Bg5
Rxf7 28. Rxf7+ Kc8 29. Rf8+ Kc7 30. Kxc4 h6 31. Bd8+ Kd6 32. h4 Kd7 33. Rf7+
Kc8 34. Rxb7 Kxb7 35. Be7 g6 36. d6 1-0

[Event "Pyramiden Cup 2016"]
[Site "Fuerth"]
[Date "2016.09.03"]
[Round "5.7"]
[White "Pfadenhauer, Johannes"]
[Black "Wenninger, Philipp"]
[Result "0-1"]
[WhiteElo "2061"]
[BlackElo "2372"]
[PlyCount "110"]
[EventDate "2016.??.??"]
[WhiteTeam "TSV Bindlach"]
[BlackTeam "SC Erlangen"]

1. d4 d5 2. Nf3 Nf6 3. g3 c6 4. Bg2 Bg4 5. Ne5 Bh5 6. O-O Nbd7 7. Nd3 e6 8. b3
Be7 9. Ba3 Bxa3 10. Nxa3 Qe7 11. Nb1 O-O 12. Nd2 c5 13. c3 cxd4 14. cxd4 Rac8
15. Nf4 Bg6 16. Nxg6 hxg6 17. e3 Qa3 18. e4 dxe4 19. Nxe4 b6 20. Ng5 Rfd8 21.
Qe2 Qd6 22. Rad1 Nd5 23. Rfe1 Nc3 24. Qf3 Qe7 25. Rd3 Qxg5 26. Rxc3 Qd2 27.
Rce3 Qxd4 28. h4 Nf6 29. Bh3 Rc2 30. a4 Rd2 31. Bf1 Rd5 32. Bh3 Rd1 33. Bf1 Qa1
34. Qe2 Rxe1 35. Qxe1 Rd1 36. Qe2 Nd5 37. Rf3 Re1 38. Qc4 Rc1 39. Qb5 Nc3 40.
Qd3 Rd1 41. Qc4 Ne4 42. Kg2 Rxf1 43. Qxf1 Qxf1+ 44. Kxf1 Nd2+ 45. Ke2 Nxf3 46.
Kxf3 Kf8 47. Ke4 Ke7 48. Kd4 Kd6 49. Kc4 a6 50. Kd4 e5+ 51. Kc4 Kc6 52. Kd3 Kd5
53. Kc3 Ke4 54. Kc4 Kf3 55. Kd5 Kxf2 0-1

[Event "Pyramiden Cup 2016"]
[Site "Fuerth"]
[Date "2016.09.03"]
[Round "5.8"]
[White "Miller, Eduard"]
[Black "Willim, Michael"]
[Result "1-0"]
[WhiteElo "2289"]
[BlackElo "2085"]
[PlyCount "37"]
[EventDate "2016.??.??"]
[WhiteTeam "SC Erlangen"]
[BlackTeam "SC Erlangen"]

1. Nf3 c5 2. e4 e6 3. d3 Nc6 4. g3 g6 5. Bg2 Bg7 6. O-O Nge7 7. c3 d5 8. Nbd2
b6 9. Re1 Qd7 10. exd5 Nxd5 11. Ne4 Bb7 12. d4 cxd4 13. c4 Nde7 14. Bg5 O-O-O
15. Nf6 Qd6 16. Bf4 e5 17. Nxe5 Qxf6 18. Bh3+ Nf5 19. Ng4 1-0

[Event "Pyramiden Cup 2016"]
[Site "Fuerth"]
[Date "2016.09.03"]
[Round "5.9"]
[White "Walter, Thomas"]
[Black "Reis, Gerhard"]
[Result "0-1"]
[WhiteElo "2177"]
[BlackElo "2193"]
[PlyCount "54"]
[EventDate "2016.??.??"]
[WhiteTeam "SC Erlangen"]
[BlackTeam "SW Nürnberg Süd"]

1. e4 c5 2. Nf3 d6 3. d4 cxd4 4. Nxd4 Nf6 5. Nc3 Nc6 6. Bg5 e6 7. f4 Qb6 8.
Nxc6 bxc6 9. Qd2 Qxb2 10. Rb1 Qa3 11. Rb3 Qa5 12. Be2 Be7 13. O-O O-O 14. Rf3
Rd8 15. Rg3 Ba6 16. Kf1 Rab8 17. Qe3 Rxb3 18. axb3 d5 19. e5 Qa1+ 20. Kf2 d4
21. Qd2 dxc3 22. Qe3 Bxe2 23. Qxe2 Rd2 24. exf6 Bc5+ 25. Kf3 Rxe2 26. Kxe2 Qg1
27. Rd3 Qf2+ 0-1

[Event "Pyramiden Cup 2016"]
[Site "Fuerth"]
[Date "2016.09.03"]
[Round "5.10"]
[White "Muetsch, Annmarie"]
[Black "Dorst, Johannes"]
[Result "1-0"]
[WhiteElo "2008"]
[BlackElo "2215"]
[PlyCount "130"]
[EventDate "2016.??.??"]
[WhiteTeam "SC Eppingen"]
[BlackTeam "SK Marburg"]

1. e4 e6 2. d4 d5 3. Nd2 Nf6 4. e5 Nfd7 5. Bd3 c5 6. c3 Nc6 7. Ne2 cxd4 8. cxd4
f6 9. exf6 Nxf6 10. Nf3 Bd6 11. O-O Qc7 12. g3 O-O 13. Bf4 e5 14. dxe5 Nxe5 15.
Nxe5 Bxe5 16. Rc1 Qd6 17. Qb3 Bh3 18. Rfe1 Ng4 19. Be4 Rad8 20. Bxe5 Nxe5 21.
Nf4 Bg4 22. Bxd5+ Kh8 23. Bg2 Qf6 24. Qe3 Nc6 25. Bxc6 bxc6 26. Qe5 Qxe5 27.
Rxe5 Rd2 28. h3 Bd7 29. Re2 Rd6 30. Rcc2 g5 31. Rcd2 Rxd2 32. Rxd2 Bc8 33. Ne2
Bxh3 34. Rc2 Be6 35. b4 Bd5 36. Nd4 Rf6 37. a4 a6 38. Kf1 Kg7 39. Rc5 Be4 40.
Rxg5+ Kf7 41. Ke2 Rd6 42. Ke3 Bd5 43. Rh5 Kg8 44. g4 Rd8 45. Kd3 Re8 46. f3 Rd8
47. Kc3 Rc8 48. Re5 Kf7 49. f4 Rd8 50. Nf5 Rd7 51. Ne3 Bf3 52. Kc4 Rd8 53. Kc5
Rd3 54. g5 Ra3 55. f5 Rc3+ 56. Kb6 Rb3 57. Kc5 Rc3+ 58. Kd4 Ra3 59. Nc4 Rxa4
60. Nd6+ Kg7 61. Re7+ Kf8 62. Re8+ Kg7 63. f6+ Kg6 64. Rg8+ Kh5 65. f7 Rxb4+ {
Ke4} 1-0

[Event "Pyramiden Cup 2016"]
[Site "Fuerth"]
[Date "2016.09.03"]
[Round "5.11"]
[White "Gerl, Hans"]
[Black "Walter, Florian"]
[Result "0-1"]
[WhiteElo "2022"]
[BlackElo "2142"]
[PlyCount "58"]
[EventDate "2016.??.??"]
[WhiteTeam "SK Zirndorf"]
[BlackTeam "SC NT Nürnberg"]

1. d4 d5 2. c4 c6 3. Nc3 Nf6 4. e3 e6 5. Nf3 Nbd7 6. Bd3 dxc4 7. Bxc4 b5 8. Bd3
Bb7 9. O-O a6 10. b3 c5 11. Bb2 Be7 12. Be2 O-O 13. dxc5 Nxc5 14. Qxd8 Rfxd8
15. Rad1 b4 16. Nb1 Nd5 17. Nd4 Bf6 18. Bf3 a5 19. Be2 a4 20. Rc1 Rdc8 21. Nd2
axb3 22. N2xb3 Na4 23. Ba1 Nac3 24. Bd3 Rxa2 25. g3 e5 26. Nf5 e4 27. Nd6 exd3
28. Bxc3 Nxc3 29. Nxc8 Ne2# 0-1

[Event "Pyramiden Cup 2016"]
[Site "Fuerth"]
[Date "2016.09.03"]
[Round "5.12"]
[White "Fischer, Daniel"]
[Black "Hacker, Jonas"]
[Result "1/2-1/2"]
[WhiteElo "2042"]
[BlackElo "2336"]
[PlyCount "133"]
[EventDate "2016.??.??"]
[WhiteTeam "SVG Offenburg"]
[BlackTeam "SC Eppingen"]

1. Nf3 d5 2. c4 d4 3. b4 f6 4. e3 dxe3 5. fxe3 Bg4 6. Be2 Nh6 7. d4 e5 8. O-O
g6 9. c5 Bg7 10. Nc3 O-O 11. Qb3+ Kh8 12. dxe5 fxe5 13. Bb2 Nd7 14. Rad1 c6 15.
h3 Bxf3 16. Rxf3 Qe7 17. Ne4 b6 18. Qd3 Nf6 19. Nxf6 Rxf6 20. Rxf6 Qxf6 21. e4
Nf7 22. Qf3 Qe7 23. Bc4 Ng5 24. Qg4 h5 25. Qd7 Qxd7 26. Rxd7 bxc5 27. bxc5 Nxe4
28. Rc7 g5 29. Rxc6 Rb8 30. Bb3 Nd2 31. Rc7 Nxb3 32. Rxg7 Nd4 33. Rxg5 Rxb2 34.
Rxh5+ Kg7 35. Rxe5 Rxa2 36. Rd5 Ne2+ 37. Kh1 Kf6 38. c6 Ng3+ 39. Kh2 Nf5 40.
Rc5 Ne7 41. c7 Nc8 42. h4 Kg6 43. Kh3 Re2 44. h5+ Kg7 45. g4 a5 46. Rxa5 Rc2
47. Rg5+ Kh7 48. Kg3 Rxc7 49. Ra5 Ne7 50. Kf4 Nc6 51. Ra6 Rf7+ 52. Ke4 Re7+ 53.
Kf4 Nd8 54. g5 Ne6+ 55. Kg4 Kg7 56. Rb6 Nf8 57. Ra6 Rb7 58. Kf5 Rb5+ 59. Kf4
Kf7 60. Ra7+ Kg8 61. Ra6 Rb1 62. Kf5 Rf1+ 63. Kg4 Rg1+ 64. Kf4 Kf7 65. Ra7+ Kg8
66. Ra6 Rh1 67. Kg4 1/2-1/2